00386nam a2200121Ia 4500008004100000245013000041260002400171260000900195300000800204500000900212650002300221650002000244170224s9999 xx 000 0 und d aEffects of infographics on news elaboration, acquisition, and evaluation: Prior knowledge and issue involvement as moderators bNew Media & Society c2016 a18: a2016 xCommunication Arts xMultimedia Arts